000 00321nam a2200109Ia 4500
008 200302s9999 xx 000 0 und d
100 _aJohn J. Boland
245 _aEvaluting Urban Water Conservation Programs : A Procedures Manual
260 _bPlanning and Management Consultants Ltd.
260 _c1993
300 _a238 P.,
999 _c1216
_d1216